000
00322 a2200133 4500
005
20250627111843.0
020
_a
1098765432
082
_a
657 REI
100
_a
REIMERS,J.
245
_a
Financial Accounting
260
_a
New York
_b
Prentence Hall
_c
2007
300
_a
xxi,752p.:ill., tables
_b
Index
_c
28cm.
942
_2
ddc
_c
BKS
999
_c
5558
_d
5558